|
|
|
|
| LEADER |
00000nnm a2200000 i 4500 |
| 001 |
dolg7958 |
| 005 |
20170209142154.0 |
| 008 |
161202suuuu hu o 000 hun d |
| 040 |
|
|
|a BGE Dolgozattár Repozitórium
|b hun
|
| 041 |
|
|
|a hu
|
| 100 |
1 |
|
|a Takács Kornél
|
| 245 |
1 |
2 |
|a A housekeeping kapcsolattartása és kommunikációs helyzetek az Ibis Styles Budapest City példáján keresztül
|c Takács Kornél
|h [elektronikus dokumentum]
|
| 516 |
|
|
|a Project_work
|
| 695 |
|
|
|a housekeeping
|
| 695 |
|
|
|a kommunikáció
|
| 700 |
1 |
|
|a Remenyik Dr. Bulcsú
|e ths
|
| 856 |
4 |
0 |
|u http://dolgozattar.uni-bge.hu/7958/1/Projektmunka%2C%20Tak%C3%A1cs%20Korn%C3%A9l%202016%2032.o.pdf
|z Dokumentum-elérés
|